| 000 | 00656nam a22001937a 4500 | ||
|---|---|---|---|
| 005 | 20150903110725.0 | ||
| 010 | _aENG-113450 | ||
| 020 |
_c250.00 _a9789350355565 |
||
| 035 | _aEN-96982 | ||
| 037 | _bDBAD/PUB | ||
| 082 | _a005.8 | ||
| 100 | _aSeth, Karnika | ||
| 245 |
_aProtection of children on internet : _cby Karnika Seth _ba guide book on best practices for online safety with a special focus on India / |
||
| 260 |
_aDelhi _bUniversal Law Publishing _c2015 |
||
| 270 |
_aA-58, G.T. Karnal Road Industrial Area, _bDelhi _e110033 |
||
| 300 |
_axxv,190p. _c21cm(pbk) |
||
| 500 | _aIncludes index | ||
| 942 |
_2ddc _cEN _mSET _h005.8 |
||
| 999 |
_c94864 _d94864 |
||